00859nam a22002537a 450000500170000001000130001702000220003003500130005203700160006504000120008108200150009310000270010824500940013525000110022926000450024027000460028530000250033150000190035665000330037570000300040894200240043899900190046295201240048120170124110030.0 aA-001789 c29.00a0876921489 aA-001789 bCen Lib/Ret aDPLbEN a658.3bSTR aStrauss, George921522 aPersonnel :cby George Strauss [and] Leonard R.Saylesbthe human problems of management / a4th ed bPrentice-Hall Of India c1980aNew Delhi aM-97, Connaught CircusbNew Delhie110001 axiv,674p. c24cm(Hb) aIncludes index aPersonnel management.913632 aSayles, Leonard R.921523 2ddccENh658.3mSTR c127779d127779 01104070aLbLd2015-06-30eCen Lib/Retg29.00l0o658.3 STRpA-001789r2015-06-30 00:00:00t1v29.00w2015-06-30yEN